| 000 | 03283nam0a2200433 4500 | ||
|---|---|---|---|
| 001 | RU\NLR\BIBL_A\012894763 | ||
| 005 | 20221118094527.0 | ||
| 010 |
_a978-5-7247-1116-6 _955 |
||
| 021 |
_aRU _bКН-П-22-050938 _9КН-П-22-4427 |
||
| 035 | _a(NLR Aleph) 012894763 | ||
| 035 | _a(RuMoRGB)011165122 | ||
| 090 |
_a12562047 _c12562047 |
||
| 100 | _a20220923d2022 u y0rusy50 ca | ||
| 101 | 0 | _arus | |
| 102 | _aRU | ||
| 105 | _ay j 000zy | ||
| 181 | 0 |
_ai3 _baxxe |
|
| 182 | 0 | _an | |
| 200 | 1 |
_aКонституционное правосудие в современной России _eкурс лекций _fА. И. Казамиров - кандидат юридических наук, доцент, А. А. Степанова - кандидат юридических наук, С. В. Емельянов - кандидат экономических наук, Р. Р. Хазиева - кандидат юридических наук _gФедеральное государственное казенное образовательное учреждение высшего образования "Уфимский юридический институт Министерства внутренних дел Российской Федерации" |
|
| 203 |
_aТекст _bвизуальный _cнепосредственный |
||
| 210 |
_aУфа _cредакционно-издательский отдел Уфимского юридического института МВД России _d2022 |
||
| 215 |
_a63 с. _d21 |
||
| 300 | _aАвт. указаны на обороте тит. с. | ||
| 320 | _aБиблиогр.: с. 57-63 и в подстроч. примеч. | ||
| 330 | _aВ курсе лекций раскрываются основные институты современного конституционного правосудия с учетом внесения поправок в Конституцию Российской Федерации в 2020 году. Курс лекций предназначен для профессорско-преподавательского состава и обучающихся образовательных организаций МВД России | ||
| 601 | 0 | 1 |
_aРоссийская Федерация _bКонституционный суд _jУчебные издания _92127145 _3RU\NLR\AUTH\661283811 |
| 606 | 1 |
_aПравосудие _jУчебные издания _xКонституционные основы _yРоссийская Федерация _92456971 _3RU\NLR\AUTH\661460321 |
|
| 686 | 1 | _aХ629.01я7-2 | |
| 686 | 1 | _aХ620.141я7-2 | |
| 701 | 1 |
_aКазамиров _bА. И. _gАнатолий Иванович |
|
| 701 | 1 |
_7ca _8rus _aСтепанова _bА. А. _cканд. юрид. наук _gАйгуль Ахметзянова _9169738 _3RU\NLR\AUTH\770169788 |
|
| 701 | 1 |
_aЕмельянов _bС. В. _gСергей Владимирович |
|
| 701 | 1 |
_aХазиева _bР. Р. _gРегина Рафисовна |
|
| 712 | 0 | 2 |
_4475 _aУфимский юридический институт _9424180 _3RU\NLR\AUTH\889963970 |
| 942 | _cBOOK | ||
| 980 | _aNB | ||